[Event "Golden Rook op"]
[Site "Chotowa"]
[Date "2003.05.13"]
[Round "8"]
[White "Galkiewicz, Dariusz"]
[Black "Kopczyk, Daniel"]
[Result "1-0"]
[WhiteElo "2224"]
[BlackElo "2133"]
[PlyCount "49"]
[EventDate "2003.05.??"]
[EventType "swiss"]
[EventRounds "9"]
[EventCountry "POL"]
[SourceTitle "EXT 2005"]
[Source "ChessBase"]
[SourceDate "2004.11.15"]
[SourceVersion "1"]
[SourceVersionDate "2004.11.15"]
[SourceQuality "1"]

1. d4 Nf6 2. c4 g6 3. Nc3 d5 4. cxd5 Nxd5 5. e4 Nxc3 6. bxc3 Bg7 7. Bc4 c5 8. Ne2 0-0 9. Be3 cxd4 10. cxd4 Nc6 11. Rc1 e5 12. d5 Na5 13. Bd3 b6 14. 0-0 f5 15. f4 fxe4 16. Bxe4 Qd6 17. Qd3 Bg4 18. g3 Bxe2 19. Qxe2 Rae8 20. f5 gxf5 21. Rxf5 Qb4 22. Qg4 Nc4 23. Bh6 Re7 24. Rxf8+ Kxf8 25. Qc8+ 1-0

[Event "Golden Rook op"]
[Site "Chotowa"]
[Date "2003.05.12"]
[Round "7"]
[White "Kopczyk, Daniel"]
[Black "Belzo, Lukasz"]
[Result "1-0"]
[WhiteElo "2133"]
[BlackElo "2053"]
[PlyCount "53"]
[EventDate "2003.05.??"]
[EventType "swiss"]
[EventRounds "9"]
[EventCountry "POL"]
[SourceTitle "EXT 2005"]
[Source "ChessBase"]
[SourceDate "2004.11.15"]
[SourceVersion "1"]
[SourceVersionDate "2004.11.15"]
[SourceQuality "1"]

1. e4 c5 2. Nf3 Nc6 3. Bb5 d6 4. c3 Bd7 5. d4 cxd4 6. cxd4 a6 7. Bc4 Nf6 8. d5 Nb8 9. 0-0 g6 10. Nc3 Bg7 11. Be3 b5 12. Bd3 0-0 13. h3 Qa5 14. a4 b4 15. Ne2 Rc8 16. Ned4 e6 17. dxe6 Bxe6 18. Ng5 Re8 19. Rc1 d5 20. e5 Nfd7 21. Ndxe6 fxe6 22. f4 Bf8 23. Nxh7 Re7 24. Ng5 Bh6 25. Bxg6 Rg7 26. Rc8+ Nf8 27. Qh5 1-0

[Event "Golden Rook op"]
[Site "Chotowa"]
[Date "2003.05.11"]
[Round "6"]
[White "Ogonowska, Katarzyna"]
[Black "Kopczyk, Daniel"]
[Result "0-1"]
[WhiteElo "1800"]
[BlackElo "2133"]
[PlyCount "70"]
[EventDate "2003.05.??"]
[EventType "swiss"]
[EventRounds "9"]
[EventCountry "POL"]
[SourceTitle "EXT 2005"]
[Source "ChessBase"]
[SourceDate "2004.11.15"]
[SourceVersion "1"]
[SourceVersionDate "2004.11.15"]
[SourceQuality "1"]

1. e4 c5 2. Nf3 d6 3. d4 cxd4 4. Nxd4 Nf6 5. Nc3 a6 6. Be3 e5 7. Nf3 Be7 8. Bc4 0-0 9. 0-0 Nc6 10. Re1 Bg4 11. h3 Bh5 12. Bg5 Rc8 13. Bb3 Bxf3 14. Qxf3 Nd4 15. Qd3 Nh5 16. Be3 Ne6 17. Nd5 Bg5 18. Rad1 Bxe3 19. Nxe3 Nhf4 20. Qxd6 Qg5 21. Bxe6 fxe6 22. Ng4 Rxc2 23. Qxe5 Qg6 24. Kh1 h5 25. Ne3 Rxf2 26. Rf1 Qg3 27. Qc5 Rxg2 28. Qxf8+ Kxf8 29. Rxf4+ Qxf4 30. Nxg2 Qf3 31. Rd8+ Ke7 32. Rb8 Qd1+ 33. Ne1 Qxe1+ 34. Kg2 Qxe4+ 35. Kf1 Qf4+ 0-1

[Event "Golden Rook op"]
[Site "Chotowa"]
[Date "2003.05.07"]
[Round "2"]
[White "Kopczyk, Daniel"]
[Black "Dalach, Andrzej"]
[Result "1/2-1/2"]
[WhiteElo "2133"]
[BlackElo "2000"]
[PlyCount "58"]
[EventDate "2003.05.??"]
[EventType "swiss"]
[EventRounds "9"]
[EventCountry "POL"]
[SourceTitle "EXT 2005"]
[Source "ChessBase"]
[SourceDate "2004.11.15"]
[SourceVersion "1"]
[SourceVersionDate "2004.11.15"]
[SourceQuality "1"]

1. e4 c5 2. Nf3 d6 3. d4 cxd4 4. Nxd4 Nf6 5. Nc3 g6 6. Be3 Bg7 7. Bc4 a6 8. f3 Nc6 9. Qd2 Qc7 10. Bb3 Na5 11. 0-0 Nc4 12. Bxc4 Qxc4 13. Rad1 0-0 14. b3 Qc7 15. Nd5 Nxd5 16. exd5 Re8 17. c4 e5 18. dxe6 Bxe6 19. Rfe1 Rac8 20. Bf2 d5 21. c5 Be5 22. g3 Bd7 23. b4 Bc6 24. Re2 Qd7 25. Rde1 Bg7 26. a3 Rxe2 27. Qxe2 Re8 28. Qxe8+ Qxe8 29. Rxe8+ Bxe8 1/2-1/2

[Event "Golden Rook op"]
[Site "Chotowa"]
[Date "2003.05.06"]
[Round "1"]
[White "Kopczyk, Daniel"]
[Black "Augustyn, Sebastian"]
[Result "1/2-1/2"]
[WhiteElo "2054"]
[BlackElo "2133"]
[PlyCount "103"]
[EventDate "2003.05.??"]
[EventType "swiss"]
[EventRounds "9"]
[EventCountry "POL"]
[SourceTitle "EXT 2005"]
[Source "ChessBase"]
[SourceDate "2004.11.15"]
[SourceVersion "1"]
[SourceVersionDate "2004.11.15"]
[SourceQuality "1"]

1. d4 f5 2. Bg5 Nf6 3. Nc3 e6 4. e4 fxe4 5. Bxf6 Qxf6 6. Nxe4 Qg6 7. Ng3 Bd6 8. Bd3 Qf7 9. Nf3 Bf4 10. 0-0 0-0 11. c3 Nc6 12. Ne4 Qh5 13. Qc2 d6 14. Ng3 Qh6 15. Rae1 Bd7 16. Ne2 g5 17. g3 g4 18. Nh4 Bg5 19. Ng2 Rf6 20. Nef4 Raf8 21. b4 Ne7 22. c4 Nc6 23. Qc3 Rxf4 24. gxf4 Bf6 25. Re4 Nxd4 26. Rxd4 c5 27. bxc5 dxc5 28. Qb3 Bxd4 29. Qxb7 Rf7 30. Rb1 e5 31. Qa8+ Kg7 32. Rb8 Qf6 33. Rh8 Kh6 34. Qg8 Bf5 35. fxe5 Bxe5 36. Ne3 Bxh2+ 37. Kxh2 Qe5+ 38. Kg1 Qa1+ 39. Bf1 Bg6 40. Qb8 g3 41. Ng4+ Kh5 42. Qxg3 Qxh8 43. Be2 Qa1+ 44. Kh2 Qd4 45. Ne5+ Kh6 46. Nxf7+ Bxf7 47. f4 Qf6 48. Bd3 Bg6 49. Qh3+ Kg7 50. f5 Qe5+ 51. Qg3 Qxg3+ 52. Kxg3 1/2-1/2